000
00270nam a2200085Ia 4500
245
0
_a
The Hansie Cronje story : an authorised biography
100
_a
KING, Garth Brackenfell, [South Africa], 2005
_9
95803
942
_c
BK
008
210817s9999 xx 000 0 und d
999
_c
400185
_d
400184